000 00860nam a2200253Ia 4500
003 OSt
005 20221005091602.0
006 a|||||r|||| 00| 0
007 ta
008 221004b |||||||| |||| 00| 0 eng d
020 _a9781137549358 (hbk)
_c5602.22
024 _a25928
037 _bIN/2015-16/1287, 26/03/2016, Selectbook Service Syndicate
_cTextual
040 _aCRL
_cCRL
_beng
041 _2eng
_aeng
082 _aO111,3:g(G:5), Q5
100 _aMcCarthy Jeffrey Mathes
_9616401
245 0 _aGreen modernism
_b Nature and the english novel, 1900 to 1930
260 _aNew York
_bPalgrave U.S.A
_c2015
300 _ax, 262p.
_ccm.
650 _aENGLISH LITERATURE
942 _hO111,3:g(G:5), Q5
_cTEXL
_2cc
999 _c997504
_d997504